Normal view
MARC view
- Information warfare
Entry Topical Term
001 - CONTROL NUMBER
- control field: 99329
003 - CONTROL NUMBER IDENTIFIER
- control field: NUST
005 - DATE AND TIME OF LATEST TRANSACTION
- control field: 20221006144515.0
008 - FIXED-LENGTH DATA ELEMENTS
- fixed length control field: 221006|| aca||aabn | a|a d
040 ## - CATALOGING SOURCE
- Original cataloging agency: NUST
- Transcribing agency: NUST
150 ## - HEADING--TOPICAL TERM
- Topical term or geographic name entry element: Information warfare
670 ## - SOURCE DATA FOUND
- Source citation: Work cat.: (NUST)218202: Frater, Michael R. 99327, Electronic warfare for the digitized battlefield , c2001.
